| 000 | 00000nam##2200000za#4500 |
| 001 | 9.699498 |
| 003 | CaOODSP |
| 005 | 20210625000416 |
| 007 | cr ||||||||||| |
| 008 | 150407|2007||||xxc|||||o f|0| 0 eng|d |
| 040 | |aCaOODSP|beng |
| 043 | |an-cn--- |
| 086 | 1 |aR74-13/2007E-PDF |
| 110 | 1 |aCanada.|bIndian and Northern Affairs Canada. |bNWT Region. |
| 245 | 10|aMine site reclamation guidelines for the Northwest Territories |h[electronic resource] |
| 260 | |aYellowknife - Northwest Territories : |bIndian and Northern Affairs. |cJanuary 2007. |
| 300 | |a56p.|bfigs. (some coloured), glossary |
| 590 | |a15-02-Supp|b2015-02-16 |
| 690 | 07|aDecontamination|2gcpds |
| 690 | 07|aMining industry|2gcpds |
| 775 | 08|tLignes directrices pour la remise en état des sites miniers dans les Territoires du Nord-Ouest |w(CaOODSP)9.643538 |
| 856 | 40|ahttp://publications.gc.ca|qPDF|s338 KB|uhttps://publications.gc.ca/collections/collection_2014/aadnc-aandc/R74-13-2007-eng.pdf |